| 000 | 00414nam a2200157Ia 4500 | ||
|---|---|---|---|
| 008 | 210210b1999 xxu||||| |||| 00| 0 eng d | ||
| 020 | _a81 7254 079 5 | ||
| 082 | _a332.02 SUBS | ||
| 100 | _aSUBBURAJ (V K). | ||
| 245 | _aSura's B S R B clerks' examination. | ||
| 260 |
_aChennai _bSura College of C ompetition. _c1999 |
||
| 300 | _a- | ||
| 650 | _aB S R B clerks grade | ||
| 690 | _aBanking | ||
| 906 | _a053879 | ||
| 999 |
_c101809 _d101809 |
||